|
|
|
|
| LEADER |
00000nam a2200000Ii 4500 |
| 001 |
DIGANT0242 |
| 003 |
NyNyDIG |
| 006 |
m o d |
| 007 |
cr ||||||||||| |
| 008 |
120901s2010 sp ob 000 0 spa d |
| 020 |
|
|
|z 9788476589779
|
| 020 |
|
|
|z 8476589778
|
| 035 |
|
|
|a (OCoLC)888254252
|
| 040 |
|
|
|a DGITA
|b eng
|e pn
|c DGITA
|
| 050 |
1 |
4 |
|a HM636 eBook
|
| 245 |
0 |
0 |
|a Disciplinas y prácticas corporales :
|b una mirada a las sociedades contemporáneas /
|c Elsa Muñiz (coord.) ; Ociel Flores Flores ... [et al.].
|
| 250 |
|
|
|a 1. ed.
|
| 264 |
|
1 |
|a Rubí, Barcelona :
|b Anthropos, Editorial ;
|a México, D.F. :
|b Universidad Autónoma Metropolitana, Unidad Azcapotzalco,
|c 2010.
|
| 300 |
|
|
|a 1 online resource (223 pages)
|
| 336 |
|
|
|a text
|b txt
|2 rdacontent
|
| 337 |
|
|
|a computer
|b c
|2 rdamedia
|
| 338 |
|
|
|a online resource
|b cr
|2 rdacarrier
|
| 490 |
1 |
|
|a Pensamiento crítico/pensamiento utópico ;
|v 195
|
| 505 |
0 |
|
|a Introducción / Elsa Muñiz -- 1. Las prácticas corporales. De la instrumentalidad a la complejidad / Elsa Muñiz -- 2. Alegorías del cuerpo: discurso, representación y experiencia / Zandra Pedraza -- 3. Firmar o rasgar su cuerpo: las nuevas generaciones / David Le Breton -- 4. Masculinidades femeninas en la globalidad / Judith Halberstam -- 5. Hombrecitos o de cómo se esperan que éstos sean / Mauricio List Reyes -- 6. La belleza y el cyborg. El ideal de la belleza, su representación y la manipulación de la carne para acariciarlo / Naief Yehya -- 7. Más allá de la desnudez: figuras de lo neutro, lo explícito y lo abyecto en la visualidad contemporánea / Fabián Giménez Gatto -- 8. Un cuerpo: dos ceremonias / Ociel Flores Flores -- Autores
|
| 650 |
|
0 |
|a Human body
|x Social aspects.
|
| 655 |
|
0 |
|a Electronic books.
|
| 700 |
1 |
|
|a Muñiz, Elsa.
|
| 700 |
1 |
|
|a Flores Flores, Ociel.
|
| 791 |
2 |
|
|a Digitalia (Firm),
|e distributor.
|
| 830 |
|
0 |
|a Pensamiento crítico/pensamiento utópico ;
|v 195.
|
| 793 |
0 |
|
|g Digitalia eBook Collection:
|a Anthropos
|
| 856 |
4 |
0 |
|3 Digitalia Hispánica
|u https://www.digitaliapublishing.com/a/13322/
|
| 910 |
|
|
|a Premium Collection: 2007-2012
|